000 00240nam a2200109Ia 4500
008 220204s9999 xx 000 0 und d
082 _a82-3
_bCA,
100 _aCamus, A
245 0 _aPlague
260 _aEngland
_bPenguin
_c1978
942 _cBK
999 _c32978
_d32978